| 000 | 01125nam a22002537a 4500 | ||
|---|---|---|---|
| 005 | 20170124103153.0 | ||
| 010 | _aB-183089 | ||
| 020 | _c200.00 | ||
| 035 | _aB-183089 | ||
| 037 | _bCen Lib/Ret | ||
| 040 |
_aDPL _bHN |
||
| 082 |
_a582.16 _bशर्मादे |
||
| 100 |
_aशर्मा, देवदत्त _988526 |
||
| 245 |
_aसुनो कहानी पेड़ो की / _cदेवदत्त शर्मा |
||
| 246 |
_aSuno kahani paido ki / _bby Devdatt Sharma |
||
| 260 |
_bरचना प्रकाशन _aजयपुर _c2004 |
||
| 270 |
_a५७, नतनी भवन, मिश्र रजा जी रास्ता, चाँद पोल बाज़ार _bजयपुर _e302001 |
||
| 300 |
_a140पृ.: _c20सेमी (सजिल्द) _bसचित्र |
||
| 650 |
_aपेड़ो का विज्ञान _96356 |
||
| 650 |
_aपेड़--विभिन्न प्रकार _976361 |
||
| 650 |
_aScience of trees _988527 |
||
| 650 |
_aTrees - Variety _988528 |
||
| 942 |
_2ddc _cHN _h582.16 _mशर्मादे |
||
| 999 |
_c120097 _d120097 |
||